| 000 | 00593nam a2200217 u 4500 | ||
|---|---|---|---|
| 005 | 20240910063836.0 | ||
| 008 | 120621s2010 mx r 000 0 spa d | ||
| 020 | _a9786071106414 | ||
| 035 | _aUPN01000185264 | ||
| 049 | _aCG | ||
| 050 | 4 |
_aPN56 M5.5 _bH3.5 |
|
| 100 | 1 | _aHarrison, Lisi | |
| 245 | 1 | 0 |
_aMonster High / _cLisi Harrison. |
| 260 |
_aMéxico : _bAlfaguara, _c2010. |
||
| 300 | _a304 p. | ||
| 650 | 4 |
_aMONSTRUOS EN LA LITERATURA _98839 |
|
| 650 | 0 |
_aHistorias de aventuras _94131 |
|
| 650 | 4 |
_aLiteratura juvenil estadounidense _912776 |
|
| 905 | _aLibro | ||
| 999 |
_c157367 _d157367 |
||